000 00523nam a2200181Ia 4500
008 151018s9999 xx 000 0 und d
082 _bRBASDV6648
_a891.463
100 _aबलराम नांगरे
245 _aदैवरेखा
250 _b1
260 _bग.रा.पाठक
_c1964
300 _a152
600 _aबलराम नांगरे
630 _aदैवरेखा
700 _aबलराम नांगरे
730 _aदैवरेखा
942 _cBOOK
999 _c1009022
_d1009019